000
00259nam a2200109Ia 4500
008
220120s9999||||xx |||||||||||||| ||und||
100
_a
Loney S.L
_9
11403
245
0
_a
Coordinate geometry
260
_a
AITBS press
_c
2001
300
_b
0
650
_a
ELECTRONICS
999
_c
137099
_d
137099